LIBRARY & INFORMATION CENTRE, KCAET, TAVANUR

ONLINE PUBLIC ACCESS CATALOGUE (OPAC)

Ente katha / (Record no. 15372)

MARC details
000 -LEADER
fixed length control field 00379nam a22001577a 4500
003 - CONTROL NUMBER IDENTIFIER
control field OSt
008 - FIXED-LENGTH DATA ELEMENTS--GENERAL INFORMATION
fixed length control field 250805b |||||||| |||| 00| 0 eng d
020 ## - INTERNATIONAL STANDARD BOOK NUMBER
ISBN 9788126464135
082 ## - DEWEY DECIMAL CLASSIFICATION NUMBER
Classification number 920.894 812
Item number MAD/EN
100 ## - MAIN ENTRY--AUTHOR NAME
Personal name Madhavikkutty
245 ## - TITLE STATEMENT
Title Ente katha /
260 ## - PUBLICATION, DISTRIBUTION, ETC. (IMPRINT)
Place of publication Kottayam :
Name of publisher D.C Books,
Year of publication 2018
300 ## - PHYSICAL DESCRIPTION
Number of Pages 197
650 ## - SUBJECT ADDED ENTRY--TOPICAL TERM
Topical Term Malayalam Fiction
942 ## - ADDED ENTRY ELEMENTS (KOHA)
Koha item type Books
Holdings
Withdrawn status Lost status Damaged status Home library Current library Date acquired Cost, normal purchase price Full call number Accession Number Koha item type
      KAUAET KAUAET 13/04/2018 190.00 920.894 812 MAD/EN 25656 Books
free website counter